| 000 | 01206nam a22003378i 4500 | ||
|---|---|---|---|
| 001 | 020387399 | ||
| 003 | EG-ScBUE | ||
| 005 | 20230405094356.0 | ||
| 008 | 211104s2022 enka f b 001 0 eng d | ||
| 020 | _a9781913947712 (pbk.) | ||
| 040 |
_aStDuBDS _beng _erda _cStDuBDS _dEG-ScBUE |
||
| 082 | 0 | 4 |
_a721 _222 _bDEL |
| 100 | 1 |
_aDelaney, Miriam, _eauthor. |
|
| 245 | 1 | 0 |
_aStudio craft & technique for architects / _cby Miriam Delaney and Anne Gorman ; advising editor, Dr. Sarah A. Lappin. |
| 250 | _aSecond edition. | ||
| 264 | 1 |
_aLondon : _bLaurence King Publishing, _c2022. |
|
| 300 |
_a560 pages : _billustrations (black and white, and colour) ; _c17 cm |
||
| 336 |
_atext _2rdacontent _btxt |
||
| 336 |
_astill image _2rdacontent _btxt |
||
| 337 |
_aunmediated _2rdamedia _bn |
||
| 338 |
_avolume _2rdacarrier _bnc |
||
| 500 | _aPrevious edition: Dublin: School of Architecture UCD, 2011. | ||
| 504 | _aIncludes bibliographical references and index. | ||
| 650 | 7 |
_aArchitectural design. _2BUEsh |
|
| 653 |
_bART _cApril2023 |
||
| 655 | _vReading book | ||
| 700 | 1 |
_aGorman, Anne, _eauthor. |
|
| 700 | 1 |
_aLappin, Sarah A., _eeditor. |
|
| 776 | 0 | 8 |
_iebook version : _z9781529421040 |
| 942 |
_2ddc _cBB |
||
| 999 |
_c30268 _d30239 |
||